| 000 | 00339nam a2200121Ia 4500 | ||
|---|---|---|---|
| 008 | 220216s9999 xx 000 0 und d | ||
| 100 | _aAshplant Herbert | ||
| 245 | 0 | _aPlantation rubber pioneer in his hundredth year. A tribute to H. N. Ridley | |
| 260 |
_bPlanter _c1955 |
||
| 300 | _a602-609 | ||
| 650 | _aRubber plantation | ||
| 942 | _cJS | ||
| 999 |
_c65129 _d65129 |
||